| 000 | 00545nam a22001817a 4500 | ||
|---|---|---|---|
| 003 | 0 | ||
| 005 | 20160609170322.0 | ||
| 008 | 101223t xxu||||| |||| 00| 0 eng d | ||
| 040 |
_aBUAC _cBEPAC |
||
| 100 |
_aGbaguidi, Thomas Prosperson _913066 |
||
| 130 |
_lfr _913067 |
||
| 245 | _aProblématique de l'éclairage public dans la commune de Cotonou: Quelle alternative | ||
| 260 |
_aAbomey-Calavi _bEPAC-CAP _c2007 |
||
| 300 | _a46p. | ||
| 650 |
_aECLAIRAGE _bCOMMUNE DE COTONOU _913068 |
||
| 700 |
_aDubogan, Marc-Didier _913069 |
||
| 942 | _cTHE | ||
| 999 |
_c48721 _d48721 |
||